| 000 | 00573nam a2200181 i 4500 | ||
|---|---|---|---|
| 001 | 142760 | ||
| 003 | ES-MaACL | ||
| 005 | 20250902042854.0 | ||
| 007 | t| | ||
| 008 | 071009s1954 sp ||||1| spa d | ||
| 100 | 1 |
_aVicens Carrió, Jaime. _9114317 |
|
| 245 | 1 | 3 |
_aLa dirección del personal / _cJ. Vicens Carrió. |
| 260 |
_aBarcelona : _bInstituto de Economía de la Empresa, _c[1954] |
||
| 300 |
_a391 p. : _bil. ; _c22 cm. |
||
| 710 | 2 |
_aInstituto de Economía de la Empresa (Barcelona) _94865 |
|
| 852 |
_aES-MaACL _jC-11774 _bR.39786 |
||
| 999 |
_c142760 _d142760 |
||